| 000 | 00692nam a2200193 4500 | ||
|---|---|---|---|
| 001 | 121332 | ||
| 003 | ES-MaACL | ||
| 005 | 20230906191733.0 | ||
| 007 | t| | ||
| 008 | 070214s1960 sp r ||||1| spa d | ||
| 100 | 1 |
_aPopp, Georg. _993106 |
|
| 245 | 1 | 0 |
_aVivimos desde hace cinco segundos / _cGeorg Popp, Heinrich Pleticha ; con la colaboración de Walter Anders [et. al.] ; traducción del alemán por Guillermo Sans Huelin. |
| 260 |
_aMadrid : _bEspasa Calpe, _c1960. |
||
| 300 |
_a482 p., 15 lám. : _bil. ; _c25 cm. |
||
| 700 | 1 |
_aAnders, Walter. _921430 |
|
| 700 | 1 |
_aPleticha, Heinrich. _992649 |
|
| 700 | 1 |
_aSans Huelin, Guillermo. _9103207 |
|
| 852 |
_aES-MaACL _jC-18375 _bR.46878 |
||
| 999 |
_c121332 _d121332 |
||